[Event "FIDE Chesscom Grand Swiss 2019"]
[Site "Douglas-Isle of Man"]
[Date "2019.10.14"]
[Round "5.32"]
[White "Nihal Sarin"]
[Black "Zatonskih, Anna"]
[Result "1-0"]
[WhiteElo "2610"]
[BlackElo "2422"]
[Annotator "RC"]
[PlyCount "49"]
[EventDate "2019.10.10"]
[EventType "swiss"]
[EventCountry "GBR"]
[SourceTitle "playchess.com"]
[Source "ChessBase"]
[SourceQuality "1"]
[TimeControl "40/6000+30:20/3000+30:900+30"]

1. Nf3 {[%emt 0:00:00]} d5 {[%emt 0:00:00]} 2. d4 {[%emt 0:00:00]} e6 {[%emt 0:02:06]} 3. c4 {[%emt 0:00:43]} Nf6 {[%emt 0:00:08]} 4. Nc3 {[%emt 0:00:06]} Be7 {[%emt 0:00:08]} 5. Bg5 {[%emt 0:00:16]} h6 {[%emt 0:00:36]} 6. Bxf6 {[%emt 0:00:18]} Bxf6 {[%emt 0:00:03]} 7. e3 {[%emt 0:00:07]} b6 {[%emt 0:14:30]} 8. Qc2 {[%emt 0:07:25]} Bb7 {[%emt 0:05:52]} 9. cxd5 {[%emt 0:04:29]} exd5 {[%emt 0:00:44]} 10. O-O-O {[%emt 0:00:28]} O-O {[%emt 0:16:24]} 11. Kb1 {[%emt 0:09:37]} Nd7 {[%emt 0:08:28]} 12. h4 {[%emt 0:12:17]} c5 {[%emt 0:18:47]} 13. g4 {[%emt 0:01:30]} cxd4 {[%emt 0:00:25]} 14. exd4 {[%emt 0:12:37]} Be7 {[%emt 0:07:01]} 15. g5 {[%emt 0:04:35]} h5 {[%emt 0:01:02]} 16. Bh3 {[%emt 0:09:17]} g6 {[%emt 0:03:55]} 17. Rhe1 {[%emt 0:00:40]} Re8 {[%emt 0:01:12]} 18. Bxd7 {[%emt 0:17:39]} Qxd7 {[%emt 0:02:27]} 19. Ne5 {[%emt 0:00:05]} Qe6 {[%emt 0:05:12]} 20. Nb5 {[%emt 0:02:19]} Bd8 {[%emt 0:08:54]} 21. Nxf7 {[%emt 0:07:51]} Qxe1 {[%emt 0:04:24]} 22. Qxg6+ {[%emt 0:00:26]} Kf8 {[%emt 0:00:01]} 23. Qh6+ {[%emt 0:00:22]} Kg8 {[%emt 0:01:04]} 24. Qh8+ {[%emt 0:00:18]} Kxf7 {[%emt 0:00:06]} 25. Nd6+ {[%emt 0:00:06]} 1-0

[Event "FIDE Chesscom Grand Swiss 2019"]
[Site "Douglas-Isle of Man"]
[Date "2019.10.14"]
[Round "5.33"]
[White "Parligras, Mircea-Emilian"]
[Black "Xiong, Jeffery"]
[Result "0-1"]
[WhiteElo "2629"]
[BlackElo "2708"]
[Annotator "TA"]
[PlyCount "128"]
[EventDate "2019.10.10"]
[EventType "swiss"]
[EventCountry "GBR"]
[SourceTitle "playchess.com"]
[Source "ChessBase"]
[SourceQuality "1"]

{[%evp 17,128,0,8,1,21,14,12,17,7,14,25,29,29,27,30,32,37,0,-10,0,0,-22,-23,-18,-18,-33,-32,-34,-27,-44,-38,-36,-36,-51,-53,-62,-63,-64,-66,-64,-63,-107,-115,-105,-56,-79,-58,-58,-51,-51,-72,-58,-38,-57,-45,-41,-43,-87,-73,-92,-98,-98,-89,-118,-118,-118,-118,-118,-118,-118,-118,-118,-118,-118,-118,-118,-118,-118,-118,-118,-118,-133,-118,-118,-118,-118,-118,-118,-118,-118,-118,-118,-118,-135,-122,-239,-227,-391,-387,-411,-410,-388,-389,-521,-512,-531,-496,-1867,-1856,-1819,-1743,-1432,-1185]} 1. e4 c5 2. Nf3 d6 3. d4 cxd4 4. Nxd4 Nf6 5. Nc3 a6 6. Be2 e5 7. Nb3 Be7 8. O-O O-O 9. Qd3 Be6 10. Bd2 {B92: Sicilian Najdorf: 6 Be2} Nbd7 11. Nd5 Bxd5 12. exd5 {The position is equal.} Ne8 (12... a5 13. a4 g6 14. Be3 Ne8 15. Nd2 Bg5 16. Nc4 Bxe3 17. Qxe3 f5 {0-1 (93) Nepomniachtchi,I (2763)-Salem,A (2660) St Petersburg 2018}) 13. Na5 Qc8 $146 ({Predecessor:} 13... Nc5 14. Qa3 f5 15. Be3 Qc7 16. f3 Nf6 17. b4 Ncd7 18. c4 f4 19. Bf2 e4 20. Bd4 e3 21. Rac1 Kh8 22. Rfd1 Nh5 23. Bd3 Bh4 24. Rc2 {½-½ (24) Pulpan,J (2400)-Ciolek,A (2216) Prague 2018}) 14. b4 Bd8 15. Nb3 e4 16. Qxe4 Nef6 17. Qc4 Qxc4 18. Bxc4 Ne5 $36 {[%mdl 2048] Black has some pressure.} 19. Bd3 Nxd3 20. cxd3 Nxd5 21. Rfe1 Bf6 22. Rac1 Rfc8 23. Na5 b5 24. Nb7 Be7 25. Na5 Kf8 26. Kf1 Bf6 27. Nb7 Rxc1 28. Rxc1 Ke7 29. Ke2 Kd7 30. Kf3 Re8 31. Na5 $1 Bd4 32. Nb3 Bb2 33. Rb1 $1 {[%cal Rb1b2]} Bf6 34. Rc1 Re6 35. Rc2 Bd8 36. Nd4 Rf6+ 37. Ke4 Ne7 {aiming for ...Bb6.} 38. Bg5 d5+ 39. Ke3 {[#]} Rg6 $1 {[%cal Rg6g5]} 40. Nf3 {Black must now prevent Ne5+.} f6 41. Bf4 Rg4 {Strongly threatening ...Bb6+.} 42. g3 g5 43. Bxg5 {With the idea Bf4.} Nf5+ 44. Kd2 Rxg5 45. Nxg5 fxg5 46. h3 Bb6 47. Ke1 Nd4 48. Rc1 h5 49. a3 Bc7 50. Rc5 Kd6 51. Rc1 Ne6 52. Kf1 Kd7 53. Re1 Bd6 54. Rc1 Nd4 55. Rc3 h4 56. gxh4 (56. Kg2 $17 {might work better.}) 56... gxh4 $19 57. Kg2 $2 (57. Rc1) 57... Ne2 58. Rc2 Nf4+ 59. Kf3 Nxd3 {[#] And now ...Ne1+ would win.} 60. Kg4 Ne5+ {Black is clearly winning.} 61. Kxh4 d4 62. Kg5 (62. Rc1 $142 Ke6 63. Rh1) 62... d3 63. Rc1 Nc4 64. Rb1 d2 {Accuracy: White = 51%, Black = 86%.} 0-1

[Event "FIDE Chesscom Grand Swiss 2019"]
[Site "Douglas-Isle of Man"]
[Date "2019.10.14"]
[Round "5.33"]
[White "Bulmaga, Irina"]
[Black "Iturrizaga Bonelli, Eduardo"]
[Result "1/2-1/2"]
[WhiteElo "2442"]
[BlackElo "2629"]
[Annotator "RC"]
[PlyCount "84"]
[EventDate "2019.10.10"]
[EventType "swiss"]
[EventCountry "GBR"]
[SourceTitle "playchess.com"]
[Source "ChessBase"]
[SourceQuality "1"]
[TimeControl "40/6000+30:20/3000+30:900+30"]

1. e4 {[%emt 0:00:00]} c6 {[%emt 0:00:12]} 2. d4 {[%emt 0:00:00]} d5 {[%emt 0:00:15]} 3. e5 {[%emt 0:00:00]} Bf5 {[%emt 0:00:28]} 4. Nf3 {[%emt 0:00:03]} e6 {[%emt 0:00:05]} 5. Be2 {[%emt 0:00:06]} Nd7 {[%emt 0:00:33]} 6. O-O {[%emt 0:00:20]} Bb4 {[%emt 0:00:41]} 7. c3 {[%emt 0:00:43]} Ba5 {[%emt 0:00:06]} 8. Re1 {[%emt 0:00:52]} h6 {[%emt 0:00:37]} 9. Nbd2 {[%emt 0:02:24]} Ne7 {[%emt 0:00:09]} 10. Nf1 {[%emt 0:00:44]} O-O {[%emt 0:00:31]} 11. Ng3 {[%emt 0:00:29]} Bh7 {[%emt 0:00:30]} 12. Qd2 {[%emt 0:02:54]} Qe8 {[%emt 0:03:25]} 13. Bd1 {[%emt 0:08:10]} f6 {[%emt 0:04:36]} 14. exf6 {[%emt 0:05:58]} Rxf6 {[%emt 0:03:17]} 15. a4 {[%emt 0:08:33]} Bc7 {[%emt 0:08:46]} 16. a5 {[%emt 0:01:56]} a6 {[%emt 0:04:27]} 17. Qe2 {[%emt 0:13:00]} Kh8 {[%emt 0:04:33]} 18. b4 {[%emt 0:01:20]} Ng6 {[%emt 0:18:40]} 19. Bc2 {[%emt 0:11:10]} Qf7 {[%emt 0:11:04]} 20. Nh5 {[%emt 0:10:42]} Rxf3 {[%emt 0:04:08]} 21. Qxf3 {[%emt 0:00:07]} Qxf3 {[%emt 0:00:05]} 22. gxf3 {[%emt 0:00:06]} Nh4 {[%emt 0:00:03]} 23. Bd1 {[%emt 0:02:31]} e5 {[%emt 0:00:03]} 24. f4 {[%emt 0:13:23]} e4 {[%emt 0:10:01]} 25. Ng3 {[%emt 0:01:10]} Nf6 {[%emt 0:08:02]} 26. Bd2 {[%emt 0:01:27]} Ng6 {[%emt 0:03:52]} 27. Nh5 {[%emt 0:03:47]} Nxh5 {[%emt 0:04:46]} 28. Bxh5 {[%emt 0:00:02]} Nxf4 {[%emt 0:00:11]} 29. Bxf4 {[%emt 0:05:46]} Bxf4 {[%emt 0:00:17]} 30. Ra2 {[%emt 0:00:20]} Rf8 {[%emt 0:02:03]} 31. Bg4 {[%emt 0:00:44]} Bg6 {[%emt 0:03:41]} 32. Rae2 {[%emt 0:01:20]} Kh7 {[%emt 0:00:25]} 33. Kh1 {[%emt 0:02:14]} Bg5 {[%emt 0:04:56]} 34. Kg1 {[%emt 0:08:43]} Bh4 {[%emt 0:04:02]} 35. Rf1 {[%emt 0:00:54]} Rf4 {[%emt 0:02:26]} 36. Bc8 {[%emt 0:00:56]} Bh5 {[%emt 0:00:06]} 37. Re3 {[%emt 0:00:43]} Rf7 {[%emt 0:00:04]} 38. c4 {[%emt 0:02:50]} Re7 {[%emt 0:04:52]} 39. cxd5 {[%emt 0:01:25]} cxd5 {[%emt 0:00:01]} 40. Rh3 {[%emt 0:01:14]} g5 {[%emt 0:00:11]} 41. Rc3 {[%emt 0:08:03]} Be2 {[%emt 0:00:23]} 42. Re1 {[%emt 0:01:05]} Bb5 {[%emt 0:13:11]} 1/2-1/2

[Event "FIDE Chesscom Grand Swiss 2019"]
[Site "Douglas-Isle of Man"]
[Date "2019.10.14"]
[Round "5.34"]
[White "Shankland, Sam"]
[Black "Volokitin, Andrei"]
[Result "1/2-1/2"]
[WhiteElo "2705"]
[BlackElo "2627"]
[Annotator "TA"]
[PlyCount "126"]
[EventDate "2019.10.10"]
[EventType "swiss"]
[EventCountry "GBR"]
[SourceTitle "playchess.com"]
[Source "ChessBase"]
[SourceQuality "1"]

{[%evp 10,126,14,15,14,14,14,20,14,22,17,13,16,17,25,19,39,46,63,31,57,65,61,50,72,73,64,42,39,56,70,40,69,0,71,27,93,62,190,190,197,177,193,187,189,198,178,174,178,143,143,143,142,116,116,89,117,117,96,104,104,104,130,129,119,117,117,117,232,232,232,217,206,200,172,158,158,135,436,436,436,436,436,436,466,456,366,33,33,33,33,33,33,33,33,31,32,32,33,33,33,33,35,33,33,31,31,31,31,31,31,31,31,31,31,31,31,10,17]} 1. d4 Nf6 2. c4 e6 3. g3 d5 4. Bg2 Bb4+ 5. Nd2 O-O 6. Ngf3 b6 {E01: Catalan: Early deviations} 7. O-O a5 (7... Bb7 8. b3 c5 9. Bb2 Nc6 10. cxd5 exd5 11. a3 Bxd2 12. Nxd2 Nxd4 13. Bxd4 cxd4 14. Nf3 Qe7 15. Nxd4 Ne4 {½-½ (30) Giri,A (2779)-Karjakin,S (2748) Riga 2019}) 8. cxd5 $146 ({Predecessor:} 8. Ne5 Bb7 9. Qc2 Be7 10. Rd1 Na6 11. cxd5 Nb4 12. Qb1 exd5 {0-1 (45) Oparin,G (2654)-Movsesian,S (2654) Khanty-Mansiysk 2019}) 8... exd5 9. a3 Be7 10. Nb1 Bb7 11. Nc3 Re8 12. Bf4 h6 13. Rc1 Na6 14. h4 Bf8 15. e3 c5 16. Ne5 cxd4 17. exd4 Nc7 18. Qb3 Ne6 19. Be3 Bd6 20. Rfd1 {[%cal Rc3d5]} Rc8 21. f4 ({White should try} 21. Re1 $14) 21... Bb8 (21... Nh5 $1 $11 22. Bf2 (22. Nxd5 Nxg3 23. Rxc8 Qxc8 $11) (22. Bxd5 Bxd5 23. Nxd5 Nxg3 $15) 22... Nhxf4 23. gxf4 Nxf4) 22. Bf2 h5 (22... g5 $11 {remains equal.}) 23. Bh3 (23. Re1 {keeps more tension.} Bc7 24. Rcd1 Ra8 25. Nb5 Bb8 26. Qc2) 23... Ne4 (23... Qd6 $14) 24. Nxe4 $18 Rxc1 25. Rxc1 dxe4 {[#]} 26. Nxf7 $1 {[%mdl 512]} Nxd4 (26... Kxf7 27. Bxe6+) 27. Nxd8+ Nxb3 28. Rd1 e3 29. Be6+ Kf8 30. Bxe3 Bc7 31. Rd7 {Threatens to win with Rf7+.} Bxd8 32. Rf7+ (32. Bxb3 Rxe3 33. Rxd8+ Ke7 $17) 32... Kg8 33. Re7+ Kf8 34. Rxe8+ Kxe8 35. Bxb3 $16 {[%mdl 4096] Endgame KBB-KBB} Bf6 36. Ba4+ Kf7 37. b4 axb4 38. axb4 Bc3 (38... Bd8 $16 {is a better defense.} 39. Bb3+ Kf8) 39. b5 $18 ({Much less strong is} 39. Bxb6 $6 Bxb4 40. Bb3+ Ke7 $16) 39... Be1 40. Bb3+ ({Less strong is} 40. Bxb6 Bxg3 41. Bd1 g6 $14) 40... Ke7 41. Kh2 ({Don't play} 41. Bxb6 $6 Bxg3 42. Bc5+ Kf6 $14) 41... Ba5 42. Bd1 g6 43. f5 Kf6 $2 {[%mdl 8192]} (43... Be4 $16) 44. fxg6 Kxg6 45. g4 hxg4 46. Bxg4 Be4 47. h5+ Kf6 48. Kg3 $2 (48. Be2 $18) 48... Bd3 $14 49. Bd7 {aiming for Kf3.} Be2 50. h6 Kg6 51. Be8+ Kh7 52. Bc6 {White wants to mate with Be4+.} Be1+ 53. Kg2 {Threatening mate with Be4+.} Bc3 54. Kf2 Bd3 55. Kf3 Kh8 56. Kg4 Kh7 57. Kg5 Bb4 58. Bd7 {Bf5+ is the strong threat.} Be7+ 59. Kg4 {Strongly threatening Bf5+.} Kg6 60. Be8+ Kh7 61. Bc6 Bf8 62. Kf3 {And now Be4+ would win.} Bxb5 63. Be4+ Kg8 {Accuracy: White = 67%, Black = 46%.} 1/2-1/2

[Event "FIDE Chesscom Grand Swiss 2019"]
[Site "Douglas-Isle of Man"]
[Date "2019.10.14"]
[Round "5.34"]
[White "Henderson de La Fuente, Lance"]
[Black "Atalik, Ekaterina"]
[Result "1-0"]
[WhiteElo "2494"]
[BlackElo "2464"]
[Annotator "RC"]
[PlyCount "79"]
[EventDate "2019.10.10"]
[EventType "swiss"]
[EventCountry "GBR"]
[SourceTitle "playchess.com"]
[Source "ChessBase"]
[SourceQuality "1"]
[TimeControl "40/6000+30:20/3000+30:900+30"]

1. e4 {[%emt 0:00:00]} c6 {[%emt 0:00:00]} 2. Nf3 {[%emt 0:00:00]} d5 {[%emt 0:00:01]} 3. exd5 {[%emt 0:00:29]} cxd5 {[%emt 0:00:15]} 4. Ne5 {[%emt 0:00:21]} a6 {[%emt 0:02:26]} 5. d4 {[%emt 0:01:26]} Nf6 {[%emt 0:00:33]} 6. Bd3 {[%emt 0:01:04]} g6 {[%emt 0:00:53]} 7. O-O {[%emt 0:02:07]} Bg7 {[%emt 0:00:12]} 8. Nd2 {[%emt 0:02:08]} O-O {[%emt 0:00:42]} 9. c3 {[%emt 0:01:06]} Nbd7 {[%emt 0:04:43]} 10. Ndf3 {[%emt 0:07:07]} Nxe5 {[%emt 0:03:13]} 11. Nxe5 {[%emt 0:00:41]} Nd7 {[%emt 0:03:19]} 12. Nf3 {[%emt 0:01:13]} Nf6 {[%emt 0:02:44]} 13. Re1 {[%emt 0:02:14]} b6 {[%emt 0:09:42]} 14. Bf4 {[%emt 0:03:39]} Bb7 {[%emt 0:03:22]} 15. Qb3 {[%emt 0:04:20]} Nh5 {[%emt 0:06:29]} 16. Bg5 {[%emt 0:01:11]} Re8 {[%emt 0:05:09]} 17. Qc2 {[%emt 0:12:38]} Qd6 {[%emt 0:12:04]} 18. g3 {[%emt 0:07:56]} Bc8 {[%emt 0:21:20]} 19. Ne5 {[%emt 0:04:16]} f6 {[%emt 0:10:55]} 20. g4 {[%emt 0:05:27]} Bxg4 {[%emt 0:04:40]} 21. Nxg4 {[%emt 0:01:05]} fxg5 {[%emt 0:00:06]} 22. Re3 {[%emt 0:01:56]} Nf4 {[%emt 0:01:16]} 23. Rae1 {[%emt 0:00:15]} e6 {[%emt 0:00:45]} 24. a4 {[%emt 0:02:28]} Rf8 {[%emt 0:00:39]} 25. f3 {[%emt 0:01:31]} a5 {[%emt 0:00:49]} 26. Bf1 {[%emt 0:00:40]} Rf5 {[%emt 0:03:04]} 27. Nf2 {[%emt 0:01:43]} Raf8 {[%emt 0:01:19]} 28. Nh3 {[%emt 0:02:40]} e5 {[%emt 0:05:27]} 29. dxe5 {[%emt 0:00:41]} Bxe5 {[%emt 0:00:12]} 30. Nxf4 {[%emt 0:00:28]} Bxf4 {[%emt 0:01:33]} 31. Re6 {[%emt 0:01:33]} Qc5+ {[%emt 0:00:29]} 32. Kh1 {[%emt 0:00:38]} g4 {[%emt 0:01:20]} 33. fxg4 {[%emt 0:03:05]} Bxh2 {[%emt 0:01:43]} 34. Bg2 {[%emt 0:00:32]} Rf2 {[%emt 0:01:38]} 35. R6e2 {[%emt 0:02:27]} Bg3 {[%emt 0:02:03]} 36. Rxf2 {[%emt 0:00:53]} Rxf2 {[%emt 0:01:01]} 37. Re2 {[%emt 0:00:31]} Kg7 {[%emt 0:01:19]} 38. Rxf2 {[%emt 0:01:18]} Bxf2 {[%emt 0:00:07]} 39. Qd2 {[%emt 0:00:27]} Qf8 {[%emt 0:01:15]} 40. Qxd5 {[%emt 0:00:37]} 1-0

[Event "FIDE Chesscom Grand Swiss 2019"]
[Site "Douglas-Isle of Man"]
[Date "2019.10.14"]
[Round "5.35"]
[White "Prithu Gupta"]
[Black "Gavrilescu, David"]
[Result "1-0"]
[WhiteElo "2493"]
[BlackElo "2451"]
[Annotator "ChessBase"]
[PlyCount "49"]
[EventDate "2019.10.10"]
[EventType "swiss"]
[EventCountry "GBR"]
[SourceTitle "playchess.com"]
[Source "ChessBase"]
[SourceQuality "1"]
[TimeControl "40/6000+30:20/3000+30:900+30"]

1. e4 {[%emt 0:00:00]} e6 {[%emt 0:00:07]} 2. d4 {[%emt 0:00:00]} d5 {[%emt 0:00:35]} 3. Nc3 {[%emt 0:00:00]} Nf6 {[%emt 0:00:43]} 4. e5 {[%emt 0:00:00]} Nfd7 {[%emt 0:00:32]} 5. f4 {[%emt 0:00:00]} c5 {[%emt 0:00:51]} 6. Nf3 {[%emt 0:00:01]} Nc6 {[%emt 0:01:08]} 7. Be3 {[%emt 0:00:06]} cxd4 {[%emt 0:00:24]} 8. Nxd4 {[%emt 0:00:08]} Qb6 {[%emt 0:00:13]} 9. Qd2 {[%emt 0:04:59]} Qxb2 {[%emt 0:00:38]} 10. Rb1 {[%emt 0:00:07]} Qa3 {[%emt 0:00:09]} 11. Bb5 {[%emt 0:01:02]} Nxd4 {[%emt 0:00:57]} 12. Bxd4 {[%emt 0:00:04]} a6 {[%emt 0:00:32]} 13. Bxd7+ {[%emt 0:00:06]} Bxd7 {[%emt 0:00:08]} 14. Rb3 {[%emt 0:00:04]} Qe7 {[%emt 0:00:22]} 15. Rxb7 {[%emt 0:00:05]} Rc8 {[%emt 0:01:51]} 16. O-O {[%emt 0:07:11]} Qd8 {[%emt 0:03:09]} 17. f5 {[%emt 0:15:21]} Rc4 {[%emt 0:12:46]} 18. Rfb1 {[%emt 0:16:50]} exf5 {[%emt 0:07:25]} 19. Nxd5 {[%emt 0:06:42]} Be6 {[%emt 0:15:37]} 20. Bb6 {[%emt 0:04:31]} Bc5+ {[%emt 0:02:19]} 21. Bxc5 {[%emt 0:00:04]} Rxc5 {[%emt 0:00:32]} 22. Re7+ {[%emt 0:00:11]} Kf8 {[%emt 0:00:40]} 23. Qb4 {[%emt 0:00:05]} Rxd5 {[%emt 0:15:49]} 24. Rxe6+ {[%emt 0:00:05]} Kg8 {[%emt 0:00:07]} 25. Rd6 {[%emt 0:01:13]} 1-0

[Event "FIDE Chesscom Grand Swiss 2019"]
[Site "Douglas-Isle of Man"]
[Date "2019.10.14"]
[Round "5.36"]
[White "Arkell, Keith C"]
[Black "Kashlinskaya, Alina"]
[Result "1/2-1/2"]
[WhiteElo "2447"]
[BlackElo "2481"]
[Annotator "RC"]
[PlyCount "244"]
[EventDate "2019.10.10"]
[EventType "swiss"]
[EventCountry "GBR"]
[SourceTitle "playchess.com"]
[Source "ChessBase"]
[SourceQuality "1"]
[TimeControl "40/6000+30:20/3000+30:900+30"]

1. Nf3 {[%emt 0:00:00]} d5 {[%emt 0:00:00]} 2. d4 {[%emt 0:00:08]} Nf6 {[%emt 0:00:00]} 3. c3 {[%emt 0:01:19]} Bf5 {[%emt 0:08:08]} 4. Qb3 {[%emt 0:00:38]} Qc8 {[%emt 0:01:50]} 5. Bg5 {[%emt 0:01:31]} Nbd7 {[%emt 0:01:21]} 6. e3 {[%emt 0:03:56]} e6 {[%emt 0:03:43]} 7. c4 {[%emt 0:01:12]} c6 {[%emt 0:03:08]} 8. Nc3 {[%emt 0:03:36]} h6 {[%emt 0:01:27]} 9. Bf4 {[%emt 0:01:06]} Be7 {[%emt 0:02:52]} 10. cxd5 {[%emt 0:03:31]} exd5 {[%emt 0:01:51]} 11. Rc1 {[%emt 0:03:50]} O-O {[%emt 0:05:00]} 12. Be2 {[%emt 0:01:24]} b6 {[%emt 0:08:10]} 13. O-O {[%emt 0:35:03]} Qb7 {[%emt 0:00:36]} 14. Ne5 {[%emt 0:00:18]} Nxe5 {[%emt 0:14:40]} 15. Bxe5 {[%emt 0:01:06]} Qd7 {[%emt 0:00:22]} 16. Rfd1 {[%emt 0:10:56]} Qe6 {[%emt 0:00:43]} 17. Ba6 {[%emt 0:02:36]} Nd7 {[%emt 0:04:15]} 18. Bg3 {[%emt 0:01:25]} h5 {[%emt 0:08:39]} 19. Bb7 {[%emt 0:20:43]} h4 {[%emt 0:00:11]} 20. Bc7 {[%emt 0:00:17]} Bg4 {[%emt 0:11:40]} 21. Re1 {[%emt 0:03:11]} Rab8 {[%emt 0:14:14]} 22. Bxb8 {[%emt 0:00:25]} Nxb8 {[%emt 0:01:08]} 23. f3 {[%emt 0:05:35]} Bh5 {[%emt 0:00:07]} 24. Ne2 {[%emt 0:00:20]} g5 {[%emt 0:02:31]} 25. e4 {[%emt 0:02:58]} Qd7 {[%emt 0:01:26]} 26. Ba8 {[%emt 0:00:05]} dxe4 {[%emt 0:00:14]} 27. fxe4 {[%emt 0:00:37]} Bxe2 {[%emt 0:00:12]} 28. Rxe2 {[%emt 0:00:07]} Qxd4+ {[%emt 0:00:04]} 29. Kh1 {[%emt 0:00:21]} Qe5 {[%emt 0:05:43]} 30. Qc3 {[%emt 0:00:46]} Qf4 {[%emt 0:00:02]} 31. e5 {[%emt 0:01:23]} Rd8 {[%emt 0:00:58]} 32. h3 {[%emt 0:02:50]} Bc5 {[%emt 0:01:52]} 33. e6 {[%emt 0:01:38]} Bd6 {[%emt 0:00:30]} 34. exf7+ {[%emt 0:00:11]} Kxf7 {[%emt 0:00:59]} 35. g3 {[%emt 0:01:25]} Qxg3 {[%emt 0:01:50]} 36. Qxg3 {[%emt 0:00:38]} Bxg3 {[%emt 0:01:51]} 37. Bxc6 {[%emt 0:00:21]} Na6 {[%emt 0:00:49]} 38. Bf3 {[%emt 0:00:43]} Nb4 {[%emt 0:01:06]} 39. Rf1 {[%emt 0:00:17]} Bf4 {[%emt 0:01:29]} 40. a3 {[%emt 0:00:07]} Na6 {[%emt 0:03:39]} 41. Rfe1 {[%emt 0:03:11]} Nc7 {[%emt 0:03:14]} 42. Re7+ {[%emt 0:01:36]} Kg6 {[%emt 0:04:32]} 43. R1e2 {[%emt 0:05:01]} Bd6 {[%emt 0:04:28]} 44. R7e4 {[%emt 0:00:37]} Bg3 {[%emt 0:03:27]} 45. Rc4 {[%emt 0:02:34]} Kf6 {[%emt 0:07:14]} 46. Rc6+ {[%emt 0:02:56]} Rd6 {[%emt 0:00:45]} 47. Rxd6+ {[%emt 0:00:48]} Bxd6 {[%emt 0:00:06]} 48. Bg4 {[%emt 0:00:37]} Be5 {[%emt 0:01:43]} 49. Kg2 {[%emt 0:00:35]} Nb5 {[%emt 0:03:26]} 50. Rc2 {[%emt 0:00:23]} Bf4 {[%emt 0:02:03]} 51. Re2 {[%emt 0:01:57]} Nd4 {[%emt 0:03:16]} 52. Re4 {[%emt 0:00:24]} Be5 {[%emt 0:00:13]} 53. Kf2 {[%emt 0:01:36]} Nb3 {[%emt 0:03:09]} 54. Rb4 {[%emt 0:02:18]} Nc5 {[%emt 0:00:25]} 55. Ke3 {[%emt 0:03:04]} Ke7 {[%emt 0:00:26]} 56. Kd2 {[%emt 0:01:51]} Kd6 {[%emt 0:00:53]} 57. Kc2 {[%emt 0:00:56]} Kd5 {[%emt 0:00:10]} 58. Bf3+ {[%emt 0:00:06]} Kd6 {[%emt 0:00:06]} 59. a4 {[%emt 0:07:50]} Ne6 {[%emt 0:01:49]} 60. Bg4 {[%emt 0:01:09]} Nc5 {[%emt 0:09:52]} 61. b3 {[%emt 0:22:55]} Kd5 {[%emt 0:11:31]} 62. Bf3+ {[%emt 0:00:00]} Kd6 {[%emt 0:00:03]} 63. Rb5 {[%emt 0:00:00]} Na6 {[%emt 0:05:18]} 64. Rd5+ {[%emt 0:00:00]} Ke6 {[%emt 0:00:05]} 65. Rd8 {[%emt 0:00:00]} Nc5 {[%emt 0:00:54]} 66. Bg4+ {[%emt 0:00:00]} Ke7 {[%emt 0:03:25]} 67. Rd5 {[%emt 0:00:00]} Kf6 {[%emt 0:01:33]} 68. a5 {[%emt 0:03:30]} Na6 {[%emt 0:02:19]} 69. Rd7 {[%emt 0:00:07]} Nc7 {[%emt 0:01:08]} 70. axb6 {[%emt 0:00:30]} axb6 {[%emt 0:00:01]} 71. Kd3 {[%emt 0:00:25]} Bg3 {[%emt 0:01:01]} 72. b4 {[%emt 0:03:26]} Na6 {[%emt 0:00:51]} 73. Kc4 {[%emt 0:00:41]} Nc7 {[%emt 0:00:04]} 74. b5 {[%emt 0:02:14]} Bf4 {[%emt 0:00:52]} 75. Rh7 {[%emt 0:00:32]} Kg6 {[%emt 0:01:55]} 76. Rh8 {[%emt 0:00:39]} Bg3 {[%emt 0:00:22]} 77. Rf8 {[%emt 0:02:29]} Kg7 {[%emt 0:00:18]} 78. Rf1 {[%emt 0:04:31]} Bf4 {[%emt 0:00:15]} 79. Bd7 {[%emt 0:00:56]} Kf6 {[%emt 0:00:10]} 80. Re1 {[%emt 0:00:24]} Bg3 {[%emt 0:00:18]} 81. Re3 {[%emt 0:00:22]} Bf4 {[%emt 0:00:09]} 82. Re2 {[%emt 0:00:06]} Bg3 {[%emt 0:00:22]} 83. Kd4 {[%emt 0:00:11]} Bf4 {[%emt 0:00:32]} 84. Re1 {[%emt 0:01:45]} Bg3 {[%emt 0:00:09]} 85. Rd1 {[%emt 0:00:47]} Bf4 {[%emt 0:01:42]} 86. Ke4 {[%emt 0:00:07]} Bg3 {[%emt 0:00:10]} 87. Rc1 {[%emt 0:01:26]} Ke7 {[%emt 0:00:52]} 88. Rd1 {[%emt 0:00:15]} Kf6 {[%emt 0:00:01]} 89. Kf3 {[%emt 0:00:09]} Bf4 {[%emt 0:00:40]} 90. Kg4 {[%emt 0:00:11]} Ke5 {[%emt 0:00:08]} 91. Bc6 {[%emt 0:00:43]} Kf6 {[%emt 0:01:06]} 92. Rd7 {[%emt 0:01:32]} Ke6 {[%emt 0:00:03]} 93. Rd8 {[%emt 0:00:11]} Ke7 {[%emt 0:00:17]} 94. Rb8 {[%emt 0:00:36]} Be3 {[%emt 0:00:20]} 95. Kf5 {[%emt 0:00:57]} Kd6 {[%emt 0:00:56]} 96. Rd8+ {[%emt 0:01:15]} Kc5 {[%emt 0:00:24]} 97. Rd3 {[%emt 0:00:03]} Bf4 {[%emt 0:00:23]} 98. Rc3+ {[%emt 0:00:20]} Kb4 {[%emt 0:00:09]} 99. Rc2 {[%emt 0:00:08]} Kb3 {[%emt 0:00:36]} 100. Re2 {[%emt 0:00:06]} Kc4 {[%emt 0:00:18]} 101. Rb2 {[%emt 0:00:11]} Kc3 {[%emt 0:00:37]} 102. Rb1 {[%emt 0:00:01]} Kc4 {[%emt 0:00:32]} 103. Bd7 {[%emt 0:00:40]} Kc5 {[%emt 0:00:23]} 104. Rb2 {[%emt 0:01:10]} Kd6 {[%emt 0:00:14]} 105. Bc6 {[%emt 0:00:33]} Kc5 {[%emt 0:00:28]} 106. Ke4 {[%emt 0:00:20]} Kd6 {[%emt 0:00:36]} 107. Rc2 {[%emt 0:00:21]} Ke6 {[%emt 0:00:12]} 108. Rc3 {[%emt 0:00:23]} Kf6 {[%emt 0:00:14]} 109. Rd3 {[%emt 0:01:12]} Ne6 {[%emt 0:01:09]} 110. Rd5 {[%emt 0:00:21]} Nc7 {[%emt 0:00:10]} 111. Rd8 {[%emt 0:00:24]} Ne6 {[%emt 0:01:03]} 112. Re8 {[%emt 0:00:45]} Bg3 {[%emt 0:00:39]} 113. Rc8 {[%emt 0:01:04]} Bh2 {[%emt 0:00:56]} 114. Kf3 {[%emt 0:01:09]} Bf4 {[%emt 0:00:55]} 115. Kg4 {[%emt 0:00:20]} Kg6 {[%emt 0:01:03]} 116. Bd5 {[%emt 0:00:33]} Nc7 {[%emt 0:00:15]} 117. Bc4 {[%emt 0:00:07]} Kf6 {[%emt 0:00:18]} 118. Rf8+ {[%emt 0:00:58]} Ke5 {[%emt 0:00:36]} 119. Rb8 {[%emt 0:00:30]} Kd4 {[%emt 0:00:10]} 120. Bf1 {[%emt 0:00:41]} Kc5 {[%emt 0:00:05]} 121. Rc8 {[%emt 0:00:04]} Kb4 {[%emt 0:00:12]} 122. Rb8 {[%emt 0:01:04]} Kc5 {[%emt 0:00:03]} 1/2-1/2